Normal view
MARC view
- Gritzen, F. Edward
Entry Personal Name
001 - CONTROL NUMBER
- control field: 134237
003 - CONTROL NUMBER IDENTIFIER
- control field: NUST
005 - DATE AND TIME OF LATEST TRANSACTION
- control field: 20260422204426.0
008 - FIXED-LENGTH DATA ELEMENTS
- fixed length control field: 260422|| aca||aabn | a|a d
040 ## - CATALOGING SOURCE
- Original cataloging agency: NUST
- Transcribing agency: NUST
100 ## - HEADING--PERSONAL NAME
- Personal name: Gritzen, F. Edward
670 ## - SOURCE DATA FOUND
- Source citation: Work cat.: (NUST): Gritzen, F. Edward., Introduction to Naval Engineering /, 1980.
